Entrada Encabezamiento temático
Número de registros utilizados en: 1
001 - NÚMERO DE CONTROL
- campo de control: 7031
003 - IDENTIFICADOR DEL NÚMERO DE CONTROL
- campo de control: vecauma
005 - FECHA Y HORA DE LA ÚLTIMA TRANSACCIÓN
- campo de control: 20230522152737.0
008 - DATOS DE LONGITUD FIJA
- campo de control de longitud fija: 230522|| aca||aabn | a|a d
040 ## - FUENTE DE LA CATALOGACIÓN
- Centro catalogador/agencia de origen: vecauma
150 ## - Materia
- Encabezamiento temático: INTERES COLECTIVO
450 ## - REFERENCIA DE “VEASE” MATERIA
- Encabezamiento temático: Public interest law
450 ## - REFERENCIA DE “VEASE” MATERIA
- Encabezamiento temático: Interés colectivo
- Subdivisión temática general: Derecho y legislación
450 ## - REFERENCIA DE “VEASE” MATERIA
- Encabezamiento temático: Interés difuso
450 ## - REFERENCIA DE “VEASE” MATERIA
- Encabezamiento temático: Interés público
550 ## - REFERENCIA DE "VEASE ADEMAS" MATERIA
- Encabezamiento temático: ACCIONES COLECTIVAS (PROCEDIMIENTO CIVIL)
670 ## - FUENTE EN LA QUE SE LOCALIZARON DATOS
- Cita de la fuente: Catálogo de Autoridades de la Biblioteca Nacional de España, 2023
- Información localizada: (Interés colectivo)
670 ## - FUENTE EN LA QUE SE LOCALIZARON DATOS
- Cita de la fuente: Catálogo de Autoridades de la Biblioteca del Congreso, 2023
- Información localizada: (Public interest law)
680 ## - NOTA GENERAL CON DESPLIEGUE AL PUBLICO
- Texto explicativo: Bajo este encabezamiento se ingresan las obras sobre el interés que todos los miembros de una colectividad o categoría social poseen por igual en virtud de su pertenencia a la misma.
